| 000 | 01078nam a2200289 i 4500 | ||
|---|---|---|---|
| 001 | bg | ||
| 003 | BPK | ||
| 005 | 20201002114146.0 | ||
| 008 | 000710s1999 pl a f f |000 0 pol | ||
| 015 | _aPB 2000/12723 | ||
| 020 | _a8388000616 | ||
| 040 |
_aWA N _cBPK |
||
| 080 | _a621.791/.795 | ||
| 080 | _a(075.8) | ||
| 100 | 1 |
_aKlimpel, Andrzej _eAutor |
|
| 245 | 1 | 0 |
_aTechnologie napawania i natryskiwania cieplnego / _cAndrzej Klimpel. |
| 260 |
_aGliwice : _bWydaw. Politechniki Śląskiej, _c1999. |
||
| 300 |
_a559, [1] s. : _bil. (w tym kolor.) ; _c24 cm. |
||
| 504 | _aBibliogr. przy rozdz. | ||
| 521 | 8 | _aDla studentów wydziałów mechanicznych politechnik oraz dla inżynierów spawalników i specjalistów utrzymania ruchu. | |
| 655 | 4 | _aPodręczniki akademickie | |
| 650 | 4 | _aNapawanie spawalnicze | |
| 650 | 4 | _aNatryskiwanie cieplne | |
| 710 | 2 |
_aPolitechnika Śląska (Gliwice) _bWydawnictwo _4pbl. |
|
| 942 |
_2UKD _cKS |
||
| 856 |
_uhttp://koha.tu.koszalin.pl/cgi-bin/koha/opac-detail.pl?biblionumber=38934 _yKatalog online BPK |
||
| 999 |
_c38934 _d38934 |
||